LEADER 00784nam0-22002891i-450- 001 990006742440403321 005 20001010 035 $a000674244 035 $aFED01000674244 035 $a(Aleph)000674244FED01 035 $a000674244 100 $a20001010d--------km-y0itay50------ba 101 0 $aita 105 $ay-------001yy 200 1 $aKarl Marx and the philosophy of praxis$fGavin Kitching 210 $aLondon-New York$cRoutledge$d1988 215 $aXIV,265 p 22 cm 676 $a335.40924 700 1$aKitching,$bGavin$0243816 801 0$aIT$bUNINA$gRICA$2UNIMARC 901 $aBK 912 $a990006742440403321 952 $aXII A 719$b6909$fFSPBC 959 $aFSPBC 996 $aKarl Marx and the philosophy of praxis$9632707 997 $aUNINA DB $aGEN01 LEADER 03731 am 2200601 n 450 001 9910633000803321 005 20220720 010 $a2-7332-9058-4 024 7 $a10.4000/books.ined.18148 035 $a(CKB)4100000012898300 035 $a(FrMaCLE)OB-ined-18148 035 $a(oapen)https://directory.doabooks.org/handle/20.500.12854/95096 035 $a(PPN)267246528 035 $a(EXLCZ)994100000012898300 100 $a20221201j|||||||| ||| 0 101 0 $afre 135 $auu||||||m|||| 181 $ctxt$2rdacontent 182 $cc$2rdamedia 183 $acr$2rdacarrier 200 10$aIntroduction à l?étude géographique de la population du monde /$fPierre George 210 $aParis $cIned Éditions$d2022 215 $a1 online resource (384 p.) 225 1 $aClassiques de l?économie et de la population 311 $a2-7332-8019-8 330 $aCette réédition de l?ouvrage de Pierre George, publié en 1951 par l?Ined, témoigne de la nécessaire intégration des savoirs de plusieurs disciplines. Pierre George a su enrichir la géographie classique française, dès l?après-guerre, d?une réelle ouverture vers des processus économiques et politiques jusque-là peu explorés par les géographes français. Sa pensée claire et rigoureuse, son écriture précise et concise procurent encore aujourd?hui un réel plaisir de lecture. Sa vigueur intellectuelle et sa perspicacité se manifestent au mieux dans l?un de ses thèmes de prédilection, la géographie de la population. Avant la lettre, Pierre George a réellement pratiqué une démarche interdisciplinaire, intégrant avec subtilité les concepts et les méthodes de plusieurs sciences sociales. Il propose un parcours dont on dirait aujourd?hui qu?il déconstruit les idées reçues. Il tient à identifier les processus par lesquels les éléments du milieu contraignent ou sont utilisés par les populations, avec une vision spatio-­temporelle détaillée qui lui permet de traquer «?l?illusion des explications mécanistes?». Il enrichit les notions classiques en y intégrant des processus dynamiques et historiques. Il affirme une position qui donne la priorité aux processus sociaux dans l?explication des inégalités de répartition de la population, en excluant un trop grand déterminisme par les conditions physiques et en soulignant la grande variété des adaptations réalisées par les sociétés humaines, dans leurs choix comme dans leurs utilisations des ressources et du potentiel des technologies, existantes, «?latentes?», ou futures. Cette réédition est introduite par une Invitation à la lecture de Denise Pumain, professeure émérite de renommée internationale spécialiste de la modélisation en sciences sociales et de l?urbanisation. 606 $aGeography 606 $agéographie humaine 606 $apeuplement 606 $apluridisciplinarité 606 $aprocessus sociaux 606 $aévolution 606 $adéveloppement économique 610 $agéographie humaine 610 $apeuplement 610 $apluridisciplinarité 610 $aprocessus sociaux 610 $aévolution 610 $adéveloppement économique 615 4$aGeography 615 4$agéographie humaine 615 4$apeuplement 615 4$apluridisciplinarité 615 4$aprocessus sociaux 615 4$aévolution 615 4$adéveloppement économique 700 $aGeorge$b Pierre$04827 701 $aPumain$b Denise$0121327 801 0$bFR-FrMaCLE 906 $aBOOK 912 $a9910633000803321 996 $aIntroduction à l?étude géographique de la population du monde$93087472 997 $aUNINA